000 00271nam a22001097a 4500
082 _a620.198 VIG'O
100 _aVIGOUREUX, P,BOOTH, C.F
_976958
245 _aQUALITY VIBRATORS AND THEIR APPLICATIONS
260 _aLONDON
_bMAJESTICS
_c1950
300 _a371P
942 _cBK
999 _c582269
_d582269